00797 a2200145 4500001000700000040002200007041001600029082002400045245004700069250000800116260007800124300000800202362001300210500042800223142929 cLeonardo Da Vinci aPortuguês ar036.9 E46babE46ba aENCICLOPÉDIA Barsaba - antropogeografia av.1 bEncyclopaedia Britannica Editores Ltdac1974aRio de Janeiro, São Paulo a444 a19740000 aObra em 16 volumesaConteúdo: v.1. (a-antropo); v.2 (antropo-balança); v.3. (balanço- camarão); v.4 (camarão-couraça); v.5. (couro-estado); v.6 (estados- geografia); v.7. (geologia-infantis); v.8 (infecção-mapa); v.9. (máquina-nervoso); v.10 (netuno-piano); v.11 (pião-renasc.); v.12. (rensc. - sociedade); v.13 (sociedades-Veiga); v.14. (Velázquez- Zwingli); v.15 (índice); v.16 (planos de estudos)